[Event "Pacific Northwest Open"]
[Site "?"]
[Date "1971.10.23"]
[Round "1"]
[White "Zuk, R."]
[Black "Bailey, B."]
[Result "1-0"]
[WhiteElo "2319"]
[BlackElo "1896"]
[Annotator "Stockfish 13 (15s)"]
[PlyCount "153"]
[EventDate "1971.??.??"]

{C97: Closed Ruy Lopez: Chigorin Defence: 11 d4 Qc7, sidelines} 1. e4 e5 2. Nf3
Nc6 3. Bb5 a6 4. Ba4 Nf6 5. O-O Be7 6. Re1 b5 7. Bb3 d6 8. c3 O-O 9. h3 Na5 10.
Bc2 c5 11. d4 Qc7 12. Nbd2 Re8 13. Nf1 Bf8 14. Bg5 Nd7 15. Ne3 Nb6 16. b3 (16.
Bh4 Nac4 17. b3 Nxe3 18. fxe3 g6 19. Rf1 h6 20. d5 Bg7 21. Nh2 Rf8 22. Qe2 c4
23. b4 a5 24. Ng4 Nd7 25. a4 h5 26. Nh2 axb4 27. cxb4 bxa4 28. Rxa4 Rxa4 29.
Bxa4 Nb6 30. Bc6 Qa7 {Gurbanov,S (2085)-Rahimov,B Baku 2004 0-1 (56)}) 16...
Nc6 $146 (16... f6 17. Bh4 Be6 18. d5 Bf7 (18... Bd7 19. Nh2 c4 20. b4 Nb7 21.
Nhg4 Kh8 22. Nf5 Bxf5 23. exf5 a5 24. Re3 Qf7 25. Be4 Ra7 26. f3 Rea8 27. a3
Be7 28. Bf2 Bd8 29. Qc1 axb4 30. cxb4 Nxd5 31. Re2 Bb6 32. Bxb6 Nxb6 33. Qe3 {
Ujtumen,T (2400)-Ivkov,B (2520) Havana 1966 0-1 (39)}) 19. Kh2 Nd7 20. g4 g6
21. Rg1 Bg7 22. Rg2 Rf8 23. Qe2 c4 24. b4 Nb7 25. a4 a5 26. bxa5 Rxa5 27. Rag1
bxa4 28. Nf5 a3 29. Bb1 Rb5 30. g5 Qb6 31. gxf6 {
Mazzoni,G-Kraidman,Y (2455) Tel Aviv 1964 1/2-1/2 (36)}) (16... Be7 17. Bxe7
Qxe7 18. a4 bxa4 19. bxa4 Nac4 20. Nxc4 Nxc4 21. a5 Qc7 22. Ng5 cxd4 23. Bb3
Be6 24. cxd4 Nxa5 25. Bxe6 fxe6 26. d5 Nb7 27. Nxe6 Qe7 28. Re3 Nc5 29. Nxc5
dxc5 30. Rea3 Qf6 31. Qe2 {Dusek,M-Zvara,T Czechia 1996 1-0 (40)}) 17. dxc5 (
17. Nd5 Qb7 18. Nxb6 Qxb6 $16) 17... dxc5 $14 18. Nd5 Qb7 19. Nh2 (19. Be3 f6
$14) 19... Ne7 20. Qf3 Be6 21. Ne3 (21. Bxe7 $5 Bxe7 22. Ng4 $14) 21... f6 $15
22. Bh4 Ng6 23. Bg3 Rad8 24. h4 Qf7 (24... Ne7 25. h5 h6 26. Bh4 $11) 25. Nf5 (
25. h5 $5 Nf4 26. Bxf4 exf4 27. Qxf4 Qxh5 28. Rad1 $11) 25... Rd2 (25... Ne7
26. Ng4 Nxf5 27. exf5 $15) 26. Rac1 $11 Red8 (26... Ne7 27. Nf1 Rd7 28. Rcd1
Nxf5 29. exf5 $11) 27. Nf1 (27. Qg4 c4 28. h5 Ba3 $11 (28... cxb3 $2 29. Bxb3
Nc4 30. Nf3 $18 (30. hxg6 $6 hxg6 31. Nf3 R2d3 $16))) 27... R2d7 $11 28. h5 Ne7
29. N1e3 (29. Rcd1 c4 30. N1e3 cxb3 31. Bxb3 Rxd1 32. Rxd1 Rxd1+ 33. Qxd1 Nxf5
34. Bxe6 Qxe6 35. exf5 Qd7 $11) 29... Kh8 (29... c4 30. Rcd1 $11) 30. Bh4 Bxf5
(30... c4 31. Red1 $11) 31. exf5 (31. Nxf5 Nxf5 32. Qxf5 Nc8 $11) 31... Nbd5 (
31... h6 32. Rcd1 $11) 32. Nxd5 $14 Nxd5 33. h6 Nf4 (33... b4 34. cxb4 Nxb4 35.
Bb1 $11) 34. hxg7+ $16 Qxg7 $2 (34... Kxg7 $142 35. Rcd1 Rd2 $16) 35. Re3 $4 (
35. Rcd1 $142 $18) 35... Qh6 36. g3 Nd5 (36... c4 $142 $5 37. Rd1 Rxd1+ 38.
Bxd1 Bc5 39. Rxe5 Bxf2+ 40. Kf1 Bxg3 41. Qxg3 Rxd1+ 42. Re1 Rd8 43. Bxf6+ Qxf6
44. Qxf4 Qxc3 45. bxc4 bxc4 $11) 37. Ree1 $16 Nf4 $2 (37... b4 $142 $5 38. cxb4
cxb4 $16) 38. Rcd1 $18 Nh3+ $2 (38... Rd2 $142 39. Kf1 Nh3 40. Rxd2 Rxd2 $18)
39. Kg2 Rxd1 (39... Nf4+ 40. Kf1 Rd2 $18) 40. Rxd1 (40. Bxd1 $6 Nf4+ 41. Kg1
Rd2 $16) 40... Rxd1 41. Qxd1 Ng5 42. Qd5 (42. Qd8 $142 e4 43. Bxg5 fxg5 44. f6
$18) 42... Qg7 43. Qc6 Qf7 $4 (43... b4 $18) 44. c4 b4 (44... Bh6 45. cxb5 axb5
$18) 45. Qxa6 (45. Bxg5 $142 fxg5 46. f6 $18) 45... h6 (45... Kg7 46. Bb1 $18)
46. Qc6 Kg7 47. Bd1 (47. Be4 $142 Nxe4 48. Qxe4 h5 $18) 47... Qa7 $2 (47... Be7
48. Bc2 $18) 48. Bh5 (48. Bxg5 $142 hxg5 49. Bf3 Qe7 $18) 48... Qe7 49. Kf1 (
49. Bxg5 hxg5 50. Bf3 Qd8 $18) 49... Kg8 $2 (49... e4 50. Qd5 $16) 50. Be8 (50.
Bxg5 hxg5 51. Bf3 Kh7 $18) 50... Kg7 $2 (50... e4 51. Qd5+ Kg7 52. Bh5 $16) 51.
Bd7 $4 (51. Bxg5 $142 hxg5 52. Bd7 $18) 51... Qd6 $16 52. Qxd6 (52. Bxg5 Qxc6
53. Bxh6+ Kf7 54. Bxc6 Bxh6 $16) 52... Bxd6 $14 53. Bc6 Kf7 $2 (53... e4 $142
$5 $14) 54. Ke2 (54. f3 Kg7 $18) 54... Ke7 (54... e4 $142 55. f4 exf3+ 56. Bxf3
Ke7 $16) 55. Bd5 $4 (55. Kd3 Kf7 $18) 55... Bc7 $2 (55... e4 $142 $14) 56. Ke3
Bd6 57. f3 Bc7 58. Kf2 Bd6 59. Kg2 (59. Bc6 $142 $18) 59... Bc7 $4 (59... h5
$142 $18) 60. g4 Bd6 61. Bf2 Kf8 62. Be3 Kg7 (62... Ke8 63. Bc1 $18) 63. Bc1
Kf8 (63... Bf8 64. Bc6 $18) 64. a3 bxa3 65. Bxa3 Kg7 66. Bc1 Kf8 (66... Nh7 67.
Bd2 $18) 67. Bd2 Kg7 68. Ba5 Kf8 (68... Nh7 69. Bb6 Nf8 70. Bc6 $18) 69. Bb6
Ke7 (69... Be7 70. b4 $1 cxb4 71. c5 $18) 70. Kg3 e4+ 71. f4 e3 72. Kg2 (72.
Bf3 $142 Kf8 $18) 72... e2 73. Kf2 Nh3+ 74. Kxe2 Nxf4+ 75. Ke3 Nxd5+ $4 (75...
Kd7 76. Bf3 Nh3 $18) 76. cxd5 Kd7 77. Kd3 1-0

[Event "Pacific Northwest Open"]
[Site "?"]
[Date "1971.10.23"]
[Round "2"]
[White "Bailey, B."]
[Black "LeCompte, G."]
[Result "1/2-1/2"]
[WhiteElo "1896"]
[BlackElo "1925"]
[Annotator "Stockfish 13 (15s)"]
[PlyCount "41"]
[EventDate "1971.??.??"]

{B18: Classical Caro-Kann: 4...Bf5 sidelines} 1. e4 c6 2. d4 d5 3. Nc3 dxe4 4.
Nxe4 Bf5 5. Ng3 Bg6 6. Nf3 e6 7. Bd3 Bxd3 8. Qxd3 Bd6 9. Ne4 Nf6 (9... Be7 10.
O-O Nf6 11. Nxf6+ (11. Re1 Nbd7 12. c4 Qc7 13. Bd2 Rd8 14. Ng3 Nf8 15. Qe2 Ng6
16. Rac1 Qd6 17. Bc3 O-O 18. Rcd1 Qc7 19. Ne5 Rfe8 {
1/2-1/2 (19) Nekrassova,E (1502)-Dauer,C (1572) Willingen 2006}) 11... Bxf6 12.
Bf4 Be7 13. Rad1 Nd7 14. Qb3 Qb6 15. Qxb6 axb6 16. a3 O-O 17. Rfe1 b5 18. c3
Nf6 19. Nd2 Rfd8 20. Be5 Ne8 21. Bg3 Nd6 22. f4 g6 23. Nf3 Bf6 24. Bf2 {
Kotter,M (2078)-Nebel,R Recklinghausen 2002 1-0 (32)}) 10. Nxd6+ $146 (10. Bg5
Be7 11. O-O O-O 12. h3 Nxe4 13. Bxe7 Qxe7 14. Qxe4 Nd7 15. Rad1 Nf6 16. Qe5
Rfd8 17. c4 Rd7 18. Rd2 Rad8 19. Rfd1 h6 20. Kf1 Kf8 21. g4 Qd6 22. a3 a6 23.
b4 b5 24. c5 Qd5 {Pommerin,B (1454)-Osswald,M (1417) Mainz 1997 1/2-1/2 (46)})
(10. Nxf6+ gxf6 11. Bd2 Nd7 12. O-O-O Qc7 13. g3 O-O-O 14. Qb3 Qb6 15. Qxb6
Nxb6 16. Ba5 Bc7 17. Nh4 Rd5 {1/2-1/2 (17) Verges,J-Heise,S Leimen 2001}) 10...
Qxd6 11. O-O Nbd7 12. Be3 O-O 13. Rad1 Rfd8 (13... Nd5 14. c4 Nxe3 15. Qxe3 $11
) 14. Bg5 h6 15. Bh4 c5 (15... Qb4 16. b3 $11) 16. dxc5 (16. Qe2 a6 $14) 16...
Qxd3 $11 17. Rxd3 Nxc5 18. Rxd8+ Rxd8 19. Re1 (19. Bxf6 gxf6 20. Re1 b5 $11)
19... g5 20. Bg3 Nfe4 21. Bc7 1/2-1/2

[Event "Pacific Northwest Open"]
[Site "?"]
[Date "1971.10.23"]
[Round "3"]
[White "Torkelson, A."]
[Black "Bailey, B."]
[Result "1/2-1/2"]
[WhiteElo "1440"]
[BlackElo "1896"]
[Annotator "Stockfish 13 (15s)"]
[PlyCount "134"]
[EventDate "1971.??.??"]

{A38: Symmetrical English vs ...g6: 4 Bg2 Bg7 5 Nf3 Nf6} 1. c4 c5 2. Nc3 Nc6 3.
g3 Nf6 4. Bg2 g6 5. Nf3 Bg7 6. O-O O-O 7. a3 d5 8. cxd5 Nxd5 9. Nxd5 Qxd5 10.
d3 Qd7 11. Qc2 (11. Rb1 b6 12. b4 (12. Be3 Bb7 13. Qd2 Rfd8 14. Rfc1 Rac8 15.
b3 a5 16. Rc4 Nd4 17. Bxd4 cxd4 18. Qb2 Bd5 19. Rxc8 Rxc8 20. Nd2 Bxg2 21. Kxg2
b5 22. b4 a4 23. Ne4 Qd5 24. Kg1 Bf8 25. f4 f5 26. Ng5 Bg7 {
Rajki,G-Goczo,M (2080) Hungary 1998 1-0 (70)}) 12... cxb4 13. axb4 Bb7 14. Be3
Nd4 15. Bxd4 Bxd4 16. b5 Bf6 17. d4 Rac8 18. e3 Rc7 19. Ne1 Bxg2 20. Nxg2 Qf5
21. Nf4 Rd8 22. Qd3 Qxd3 23. Nxd3 e5 24. Nxe5 Bxe5 25. dxe5 Rd5 {
Andersson,U (2585)-Hulak,K (2470) Banja Luka 1976 1/2-1/2}) 11... b6 12. Bd2
$146 (12. Be3 Bb7 13. Rac1 (13. Rfc1 Rac8 14. Qd2 Rfd8 15. Rab1 Ne5 16. Nxe5
Bxe5 17. Bxb7 Qxb7 18. Rc4 Bd4 {1/2-1/2 (18) Gajdusek-Polko,J Kubin 1978})
13... e5 14. Rfd1 Rac8 15. Qa4 Rfe8 16. Rc4 a6 17. Rh4 b5 18. Qb3 Na5 19. Qc2
Bd5 20. Bh3 f5 21. Re1 Nb3 22. Ng5 Nd4 23. Qb1 h6 24. Ne4 Be6 25. Nd2 g5 {
0-1 (25) Mosurevic,M-Relic,R (2120) Niksic 1997}) (12. d4 cxd4 13. Ne5 Bxe5 14.
Bxc6 Qc7 15. Bh6 Rd8 16. Rac1 Rb8 17. Qb3 Qd6 18. Rfd1 Bb7 19. Bxb7 Rxb7 20. f4
Bg7 21. Bxg7 Kxg7 22. e3 e5 23. fxe5 Qxe5 24. exd4 Rxd4 25. Re1 Re4 26. Rxe4
Qxe4 {Comp The King 32MHz-Schroll,G (2380) Vienna 1994 0-1 (88)}) 12... Bb7 13.
Bc3 Nd4 14. Bxd4 cxd4 15. b4 $2 (15. Rfc1 $142 $5 Rac8 16. Qd1 $11) 15... Rac8
16. Qb2 Rc3 17. Rfc1 $2 (17. Ng5 Bxg2 18. Kxg2 Rfc8 $17) 17... Rfc8 (17... Bc6
$142 $19) 18. Rxc3 $4 (18. Ne1 $142 $17) 18... Rxc3 (18... dxc3 $142 19. Qc2
Bc6 20. a4 Bxa4 21. Rxa4 Qxa4 22. Qxa4 $19) 19. Rc1 $2 (19. b5 $142 $17) 19...
Qc7 $19 20. Rxc3 Qxc3 (20... dxc3 $142 $5 21. Qc2 a5 $19) 21. Qxc3 $15 dxc3 22.
Ne1 Ba6 23. Bd5 Bb5 24. Bb3 e6 25. a4 (25. Kf1 a6 $11) 25... Bc6 (25... Bd7 26.
Nc2 $11) 26. b5 $11 Bb7 27. Bc4 Kf8 28. e3 Ke7 29. Kf1 Kd6 30. Ke2 Kc5 31. Nc2
Bd5 32. Bxd5 exd5 (32... Kxd5 $143 33. Nb4+ Kc5 34. Na6+ Kd6 35. Kd1 $18) 33.
f4 f5 34. Kf3 Bf6 35. g4 h5 36. g5 Bg7 37. Ke2 d4 38. Kf3 (38. e4 fxe4 39. dxe4
Kc4 $11) 38... dxe3 39. Kxe3 Bf8 40. h4 $4 (40. Kf2 $142 $15) 40... Bd6 41. Kf3
Bb8 42. Ke3 a6 (42... Bd6 $142 $19) 43. bxa6 $11 b5 44. d4+ Kb6 45. axb5 Kxb5
46. Kd3 Kxa6 47. Kxc3 Bxf4 48. Ne1 Kb5 49. Nf3 Kc6 50. Kc4 Kd6 51. Ne1 Bg3 52.
Nf3 Bf2 53. Kd3 Kd5 54. Ne5 Bxh4 55. Nxg6 Bxg5 56. Ne5 h4 57. Nf3 h3 58. Ke2
Bf4 59. Kf2 Ke4 60. Nh4 Be3+ 61. Kg3 f4+ 62. Kxh3 Bxd4 63. Kg2 Bf6 64. Nf3 Bc3
65. Ng5+ Ke3 66. Nf3 Bf6 67. Nh2 f3+ 1/2-1/2

[Event "Pacific Northwest Open"]
[Site "?"]
[Date "1971.10.24"]
[Round "4"]
[White "Bailey, B."]
[Black "Hansen, J."]
[Result "1-0"]
[WhiteElo "1896"]
[BlackElo "1578"]
[Annotator "Stockfish 13 (15s)"]
[PlyCount "23"]
[EventDate "1971.??.??"]

{C41: Philidor Defence} 1. e4 e5 2. Nf3 d6 3. d4 Nf6 4. Bg5 Be7 5. Nc3 Nbd7 6.
Bc4 O-O 7. O-O (7. Qd2 c6 8. a4 Nxe4 9. Nxe4 d5 10. Nxe5 dxc4 11. O-O-O Nb6 12.
Bxe7 Qxe7 13. Nc5 f6 14. Nf3 Nd5 15. Rhe1 Qf7 16. Ne4 Bg4 17. Nd6 c3 18. bxc3
Qc7 19. Ne4 Qa5 20. Nc5 b6 21. c4 Nc3 {
Stangl,M (2469)-Adler,J (2318) Germany 2005 1-0 (41)}) 7... Re8 $146 (7... b6
8. Qd2 Bb7 9. Rfe1 Re8 10. Rad1 c6 11. b4 h6 12. Bh4 Nf8 13. a4 Ng6 14. Bg3 Bf8
15. d5 Nh5 16. b5 c5 17. Qe3 Nxg3 18. fxg3 Be7 19. h4 h5 20. Rf1 Rf8 21. Ra1 f5
22. Bd3 {Haryanto,S (979)-Manusina,N (1110) Willingen 2006 1/2-1/2 (38)}) (7...
exd4 8. Nxd4 Ne5 (8... Nc5 9. Re1 a5 10. f4 c6 11. Qf3 Re8 12. f5 Qc7 13. Qg3
Nh5 14. Qg4 Bxg5 15. Qxg5 Nf6 16. Re3 h6 17. Qh4 d5 18. Bd3 Nxd3 19. cxd3 Qb6
20. e5 c5 21. Ndb5 d4 22. Rg3 Nh7 23. f6 {
Malinovskaja,M-Shepeleva,S (1923) Dnipropetrovsk 2005 1-0}) 9. Bb3 c5 10. Ndb5
c4 11. Bxf6 Bxf6 12. Ba4 a6 13. Nxd6 b5 14. Ndxb5 axb5 15. Bxb5 Qb6 16. a4 Be6
17. Kh1 Ng4 18. Qe2 Bxc3 19. bxc3 Qc5 20. h3 Nh6 21. f4 f6 22. Rad1 {
Dexter,D (2212)-Braun,G (2325) Germany 2004 1/2-1/2 (59)}) 8. Be3 (8. a4 c6 $11
) 8... exd4 $11 9. Bxd4 Bf8 $4 (9... Nb6 $142 10. Bb3 c5 $11) 10. Ng5 $18 d5 (
10... Re7 11. e5 $1 dxe5 $18) 11. exd5 (11. Nxd5 $142 Nxd5 12. Qh5 Qxg5 13.
Qxg5 $18) 11... Nxd5 $4 (11... Bd6 12. Re1 h6 $18) 12. Qh5 (12. Qh5 Qxg5 13.
Qxg5 Nxc3 14. Bxc3 $18) (12. Bxd5 $6 Qxg5 13. Qf3 Qg6 $18) 1-0

[Event "Pacific Northwest Open"]
[Site "?"]
[Date "1971.10.24"]
[Round "5"]
[White "Rowan, T."]
[Black "Bailey, B."]
[Result "1-0"]
[WhiteElo "1693"]
[BlackElo "1896"]
[Annotator "Stockfish 13 (15s)"]
[PlyCount "83"]
[EventDate "1971.??.??"]

{D25: Queen's Gambit Accepted: 4 e3: sidelines and 4...Bg4} 1. d4 d5 2. c4 dxc4
3. Nf3 Nf6 4. e3 g6 5. Bxc4 Bg7 6. O-O O-O 7. Nc3 Nfd7 8. Qe2 Nb6 9. Bd3 (9.
Bb3 Bg4 10. Rd1 N8d7 11. h3 Bxf3 12. Qxf3 c6 13. e4 e5 14. d5 c5 15. Be3 Rc8
16. a4 c4 17. Bc2 a6 18. a5 Na8 19. Qe2 Nf6 20. Ra4 Ne8 21. Rxc4 Rxc4 22. Qxc4
Nd6 23. Qb4 Qc7 {Kacheishvili,G (2597)-Ivanov,I (2433) Las Vegas 2002 1-0 (35)}
) 9... Nc6 10. Rd1 Bg4 11. h3 Bxf3 $146 (11... Bd7 12. b3 Re8 13. Bb2 e5 14.
dxe5 Nxe5 15. Nxe5 Bxe5 16. Ne4 Qe7 17. f4 Bg7 18. Bxg7 Kxg7 19. Qb2+ f6 20.
Re1 Bf5 21. Nf2 Bxd3 22. Nxd3 Rad8 23. Rad1 Qe4 24. Nf2 Qb4 25. e4 Rxd1 26.
Rxd1 {Zirngibl,A-Tritzschler,H Zittau 1955 1-0 (63)}) 12. Qxf3 (12. gxf3 $6 e5
13. dxe5 Qg5+ 14. Kh2 Qxe5+ 15. f4 Qe6 $11) 12... f5 13. Bc2 Kh8 14. Ne2 (14.
Bb3 $16) 14... Qc8 (14... e5 $142 $5 15. dxe5 Qe7 $16) 15. Bd2 $18 e5 16. Bc3
$4 (16. Rac1 $142 e4 17. Qg3 $18) 16... e4 $14 17. Qg3 Nd5 18. h4 (18. Bb3 Nce7
$14) 18... Qd8 (18... Nxc3 $143 19. bxc3 (19. Nxc3 $6 Nb4 20. Rac1 c5 21. dxc5
Qxc5 $11) 19... Qd7 20. Rab1 $16) 19. Bb3 Nce7 20. Nf4 Nxf4 21. Qxf4 Qd6 $2 (
21... c6 $142 $11) 22. Qxd6 $18 cxd6 23. Bb4 Rfd8 24. Rac1 Nc6 25. Ba3 Rac8 26.
Be6 Rb8 27. Rc2 Ne7 $2 (27... h5 28. g3 a5 29. Rdc1 $18) 28. Rdc1 (28. Rc7 $142
$5 Bf6 29. g3 h5 $18) 28... Bf6 29. g3 Kg7 (29... Nc6 $18) 30. Rc7 Kf8 (30...
h5 $18) 31. Rd7 Rxd7 32. Bxd7 Rd8 (32... d5 33. Bd6 Ra8 34. Rc7 $18) 33. Rc7
Nd5 (33... b6 34. Rxa7 Kf7 35. Bxd6 $18) 34. Rxb7 Be7 35. Be6 Nb6 (35... Nf6
36. Bb4 $18) 36. Rxa7 Rb8 (36... Ra8 37. Rb7 Na4 38. h5 gxh5 39. Rb5 $18) 37.
b3 Nc8 (37... Ke8 38. Bb2 $18) 38. Rc7 Nb6 39. Ra7 (39. Rc6 Na8 $18) 39... Nc8
(39... Ke8 40. Bb2 $18) 40. Ra6 Kg7 (40... Ke8 41. Bb2 $18) 41. Bxc8 Rxc8 42.
Bxd6 (42. Bxd6 Bxd6 43. Rxd6 $18) 1-0

[Event "Boeing Experts"]
[Site "?"]
[Date "1971.10.26"]
[Round "1"]
[White "Bailey, B."]
[Black "Clark, A."]
[Result "1/2-1/2"]
[WhiteElo "1937"]
[BlackElo "2187"]
[Annotator "Stockfish 14 (15s)"]
[PlyCount "49"]
[EventDate "1971.??.??"]

{B01: Scandinavian Defence} 1. e4 d5 2. exd5 Qxd5 3. Nc3 Qa5 4. d4 Nf6 5. Nf3
c6 6. Bd2 Qc7 7. Bd3 Nbd7 (7... Bg4 8. h3 Bh5 9. g4 Bg6 10. Bxg6 hxg6 11. Ne5
e6 12. Qf3 Bd6 13. Bf4 Nbd7 14. Nxf7 Kxf7 15. Bxd6 Qxd6 16. g5 Qxd4 17. Rd1
Qe5+ 18. Kf1 Qf5 19. Qxf5 exf5 20. gxf6 Nxf6 21. Kg2 Rhe8 22. Rhe1 {
Loebel,C-Plecsko,Z (2145) Zalakaros 1997 0-1 (81)}) 8. Qe2 $146 (8. O-O e6 9.
Bg5 Bd6 10. Bxf6 gxf6 11. Re1 Nb6 12. Be4 Bd7 13. d5 O-O-O 14. dxc6 Bxc6 15.
Bxc6 Bxh2+ 16. Nxh2 Rxd1 17. Raxd1 Qxc6 18. Nf3 Rg8 19. Rd3 Nc4 20. Ne4 Kb8 21.
Nxf6 Rg7 22. Rd8+ Kc7 {Bystricka,K-Souckova,M Czechia 2001 0-1 (31)}) 8... e6
9. O-O Bd6 10. h3 (10. a4 Bf4 11. Bxf4 Qxf4 $16) 10... O-O 11. Rfe1 Nd5 (11...
b6 12. a4 $16) 12. Ne5 (12. Ne4 Nf4 13. Bxf4 Bxf4 $16) 12... Nb4 (12... b5 13.
Rad1 $16) 13. Nxd7 (13. Ne4 Nxd3 14. Nxd3 $18 (14. cxd3 $143 Nxe5 15. Nxd6 Ng6
$15) (14. Qxd3 $6 Nxe5 15. Qg3 Nf3+ 16. Qxf3 f6 $16)) 13... Bxd7 $16 14. Be4 (
14. Ne4 Nxd3 15. Qxd3 f6 $16) 14... f5 15. Bd3 (15. a3 $142 $5 Nd5 16. Nxd5
exd5 17. Bf3 $14) 15... Rad8 16. Bc4 $2 {
The backward pawn on e6 becomes a target} (16. Bg5 $142 Rde8 17. Rad1 $11)
16... Nxc2 $19 17. Bg5 Nxa1 18. Bxd8 Qxd8 $4 (18... Rxd8 $142 19. Rxa1 Kh8 $19)
19. Bxe6+ $11 Kh8 20. Bxd7 Qxd7 21. Rxa1 Re8 22. Qd3 Qe6 23. Kf1 Bc7 24. Rd1
Qd6 (24... Rd8 $5 $11) 25. Qxf5 $16 1/2-1/2

[Event "Boeing Experts"]
[Site "?"]
[Date "1971.11.26"]
[Round "2"]
[White "Bailey, B."]
[Black "Murray, M."]
[Result "1/2-1/2"]
[WhiteElo "1937"]
[BlackElo "2116"]
[Annotator "Stockfish 14 (15s)"]
[PlyCount "77"]
[EventDate "1971.??.??"]

{C14: French: Classical System: 4 Bg5 Be7 main line} 1. e4 e6 2. d4 d5 3. Nc3
Nf6 4. Bg5 Be7 5. e5 Ne4 6. Nxe4 Bxg5 7. Nxg5 Qxg5 8. Nf3 Qe7 9. Bd3 c5 10. c3
(10. dxc5 Qxc5 11. O-O Nc6 12. c3 Bd7 13. Re1 a5 14. a4 h6 15. Bc2 Ne7 16. Nd4
Ra6 17. Re3 g6 18. Qf3 Nf5 19. Bxf5 exf5 20. Rd1 Bxa4 21. b3 Bd7 22. c4 dxc4
23. Qxb7 Qa7 24. Qd5 Qa8 {
Gross,D (2430)-Schmidt,G (2306) Bayern 2004 1/2-1/2 (50)}) 10... Nc6 (10...
cxd4 11. Nxd4 Nc6 12. f4 O-O 13. O-O f6 14. Qc2 h6 15. Rae1 Bd7 16. Nf3 f5 17.
Qf2 Be8 18. h3 Bh5 19. Nd4 Nxd4 20. Qxd4 a6 21. Re3 b5 22. Kh2 Kh8 23. Rg1 g5
24. Rf1 g4 25. Be2 {Savon,V (2465)-Glek,I (2505) Odessa 1989 0-1 (41)}) 11. a3
Bd7 12. O-O c4 $146 (12... cxd4 13. cxd4 O-O 14. Qd2 a6 15. Rfe1 Na7 16. Ng5 g6
17. Qf4 Kg7 18. Re3 h6 19. Nh7 Rh8 20. Nf6 Bb5 21. Rd1 Bxd3 22. Rdxd3 Rac8 23.
h4 h5 24. Kh2 Nb5 25. Qg5 Qd8 26. Rg3 Nd6 27. Nxh5+ {
Shaked,T (2385)-Chipkin,L (2230) Newark 1995 1-0 (39)}) 13. Bc2 Na5 (13...
O-O-O 14. Qd2 $14) 14. Nd2 Rc8 (14... O-O-O 15. Qh5 $16) 15. f4 (15. Qg4 $142
$5 f5 16. exf6 gxf6 17. f4 $18) 15... g6 $16 16. Rf2 Rc6 17. Nf1 Rb6 18. Rb1
Kd8 19. Ne3 h5 20. Nf1 Kc8 21. Nd2 Kb8 22. Nf3 Ka8 23. Ng5 Kb8 24. Nf3 Rc8 25.
Kh1 Nc6 26. Qe1 Nd8 (26... Rh8 27. Re2 $14) 27. Kg1 Qe8 (27... Nc6 28. Rd2 $16)
28. Qd1 (28. Re2 Ba4 29. Bxa4 Qxa4 $16) 28... Ra6 (28... Nc6 29. h3 $14) 29.
Rf1 (29. h3 $5 $16) 29... Ba4 30. Bxa4 Qxa4 (30... Rxa4 $142 $5 31. h3 Ra6 $14)
31. Qxa4 $18 Rxa4 32. Kf2 (32. h3 $142 Nc6 33. Ng5 $18) 32... Rc6 $2 (32... Nc6
33. Kg3 Ne7 34. Kh4 $14) 33. Ke2 (33. h3 Kc8 34. g4 hxg4 35. hxg4 b5 $18) 33...
Rb6 $2 (33... Kc7 $5 $16) 34. Kd2 (34. h3 $142 $18) 34... Ra5 $4 (34... a5 $142
35. h3 Rc6 $18) 35. h3 Rab5 36. Kc2 Kc7 37. g4 hxg4 38. hxg4 Kd7 39. Rh1
1/2-1/2

[Event "Boeing Experts"]
[Site "?"]
[Date "1971.11.30"]
[Round "3"]
[White "Bailey, B."]
[Black "Pitt, A."]
[Result "0-1"]
[WhiteElo "1937"]
[BlackElo "2022"]
[Annotator "Stockfish 14 (15s)"]
[PlyCount "50"]
[EventDate "1971.??.??"]

{C70: Ruy Lopez: 3...a6 4 Ba4, Norwegian and Delayed Schliemann} 1. e4 e5 2.
Nf3 Nc6 3. Bb5 a6 4. Ba4 b5 5. Bb3 Na5 6. d4 Nxb3 7. axb3 exd4 8. Qxd4 Bb7 9.
Nc3 Qf6 10. Qd3 Bb4 11. O-O Ne7 12. Bg5 $146 (12. Bd2 Bc5 13. b4 Bb6 14. Nd5
Nxd5 15. exd5 O-O 16. b3 Qd6 17. c4 c5 18. cxb5 axb5 19. bxc5 Bxc5 20. Rxa8
Bxa8 21. Qxb5 Rb8 22. Qa4 Qxd5 23. b4 Bd6 24. Qa5 Qd3 25. Be3 Bxb4 26. Qg5 f6 {
Priborsky,J (2274)-Simacek,P (2439) Havlickuv Brod 2004 0-1}) (12. Rd1 $142 $5
Qd6 13. Qe2 $14) 12... Qd6 $11 13. Qe2 f6 14. Rad1 Qe6 15. Bf4 (15. Nd4 Qf7 16.
Bf4 O-O 17. Bxc7 d6 $11) 15... O-O-O 16. Rfe1 (16. Nd4 $142 $5 Qb6 17. Qf3 $11)
16... g5 17. Bd2 Bd6 (17... g4 18. Nd4 Qe5 19. Qd3 $17) 18. Na2 (18. e5 fxe5
19. Ne4 Nf5 $11) 18... h5 (18... Nc6 19. Nc3 Rhf8 20. Be3 $17) 19. c4 (19. Bb4
Bxb4 20. Nxb4 c5 $11) 19... h4 (19... Nc6 $142 20. Nc3 h4 21. cxb5 axb5 $15)
20. Bc3 $4 (20. Bb4 $142 Bxb4 21. Nxb4 $11) 20... g4 $19 21. Nd2 (21. Rxd6 Qxd6
(21... cxd6 $4 22. Nd4 Qf7 23. cxb5 $18) 22. e5 fxe5 (22... gxf3 $6 23. exd6
fxe2 24. dxe7 $19) 23. Qxe5 Qxe5 (23... gxf3 $6 24. Qxd6 cxd6 25. Bxh8 Rxh8 26.
Rxe7 fxg2 27. Nc3 $19) 24. Nxe5 Rhg8 $19) 21... g3 22. fxg3 (22. Nf3 Nc6 23.
cxb5 axb5 24. Qxb5 gxh2+ 25. Nxh2 $19) 22... Bc5+ 23. Kh1 (23. Kf1 hxg3 24. h3
Ng6 $19) 23... hxg3 24. Nf3 (24. Nf1 Rxh2+ 25. Nxh2 Rh8 $19) 24... Bf2 (24...
Qg4 25. Qf1 Qxf3 26. Qg1 Bxe4 27. Rxe4 Qxe4 28. Re1 Qf5 29. Bd4 Bxd4 30. Qxd4
Rxh2+ 31. Kg1 Qc2 32. Qd2 Qxd2 33. Re2 Qxe2 34. b4 Qxg2#) 25. Nb4 (25. Bd4 Bxe1
26. Rxe1 $19) 25... Rxh2+ $1 (25... Rxh2+ 26. Nxh2 Rh8 27. Qxf2 gxf2 $19) 0-1

[Event "Boeing Experts"]
[Site "?"]
[Date "1971.12.05"]
[Round "4"]
[White "Davenport, F."]
[Black "Bailey, B."]
[Result "0-1"]
[WhiteElo "1834"]
[BlackElo "1937"]
[Annotator "Stockfish 14 (15s)"]
[PlyCount "32"]
[EventDate "1971.??.??"]

{C57: Two Knights: Wilkes-Barre/Traxler and 4 Ng5 d5 5 exd5, unusual Black 5th
moves} 1. e4 e5 2. Nf3 Nc6 3. Bc4 Nf6 4. Ng5 Bc5 5. Nxf7 Bxf2+ 6. Kf1 Qe7 7.
Nxh8 d5 8. exd5 Nd4 9. c3 Qc5 (9... Bg4 10. Qa4+ Nd7 11. Kxf2 Qh4+ 12. g3 Qf6+
13. Ke1 Qf3 14. Rf1 Qe4+ 15. Kf2 O-O-O 16. cxd4 Rf8+ 17. Kg1 Qxd4+ 18. Kg2 Qe4+
19. Kg1 Rxf1+ 20. Bxf1 (20. Kxf1 Bh3+ 21. Kf2 Qg2+ 22. Ke3 Qg1+ 23. Kf3 Bg2+
24. Kg4 Qd4+ 25. Kg5 h6+ 26. Kg6 Qg4+ 27. Kf7 Qf5+ 28. Kg8 Qf8+ 29. Kh7 Be4+ {
0-1 (29) Shaw,D (2165)-Yeo,M (2244) West Bromwich 2004}) 20... Qxa4 21. Nc3
Qd4+ 22. Kg2 e4 23. Be2 Bxe2 24. Nxe2 {
Malada,V (2249)-Doric,N (2363) Rijeka 2001 0-1}) 10. cxd4 $146 (10. Qa4+ Bd7
11. Qb4 Qxb4 12. cxb4 Ke7 13. Kxf2 Rxh8 14. Na3 Rf8 15. Re1 Ng4+ 16. Kg1 b5 17.
Bb3 Bf5 18. h3 Nf6 19. d3 Bxd3 20. Be3 Kd6 21. Bxd4 exd4 22. Re6+ Kd7 23. Rae1
{1-0 (23) Le Bas,A (1900)-Magnard,J (1570) Paris 2002}) (10. Na3 Bg4 11. cxd4
Bxd4 $18 (11... Bxd1 $4 12. dxc5 Bxc5 13. Nb5 $18)) 10... Qxc4+ 11. Kxf2 Qxd4+
12. Kf1 Bg4 13. Qb3 (13. Qe1 $142 O-O-O 14. h3 $18) 13... Nxd5 $11 14. d3 $4 (
14. h3 $142 O-O-O 15. hxg4 Rf8+ 16. Ke1 Qe4+ 17. Kd1 Qxg4+ 18. Kc2 Nb4+ 19.
Qxb4 Qxb4 20. Nc3 $11) 14... O-O-O $19 15. Qc2 (15. Nf7 Rf8 16. Ke1 $19) 15...
Rf8+ (15... Ne3+ 16. Bxe3 Qxe3 17. Ng6 hxg6 18. Nd2 Be2+ 19. Ke1 Bf3+ 20. Kf1
Qe2+ 21. Kg1 Qxg2#) 16. Ke1 Nb4 (16... Nb4 17. Qe2 Nxd3+ 18. Kd2 Rf2 19. Nc3
Bxe2 20. Kc2 Bd1+ 21. Kxd1 Qg4+ 22. Ne2 Qxe2#) (16... Rxh8 $4 17. Qc4 Nb4 18.
Qxd4 exd4 19. Kf2 $18) 0-1